Sports Quiz

Random Sports Quiz

Do you know your Maple Leafs 2016/17? Quiz Stats

 Plays Quiz not verified by Sporcle

Challenge
Share
Tweet
Embed
Score 0/7 Timer 10:00
0 Plays Today
Hint Answer % Correct
Who's second on the team in goals?Nazem Kadri
94.7%
Which defenseman lead the team in points?Jake Gardiner
89.5%
Who leads in assists?Mitchell Marner
89.5%
Who leads the team in +/-?Jake Gardiner
89.5%
Who is not only the team GOAT but all time GOAT?AUSTON MATTHEWS
84.2%
Who leads the team in shorthanded time on ice?Zach Hyman
73.7%
Who did Babcock never play?Frank Corrado
73.7%

You're not logged in!

Compare scores with friends on all Sporcle quizzes.
Join for Free
OR
Log In

You Might Also Like...

Show Comments

Extras

Created Apr 6, 2017ReportNominate
Tags:2016, leaf, maple

Top Quizzes Today


Score Distribution

Your Account Isn't Verified!

In order to create a playlist on Sporcle, you need to verify the email address you used during registration. Go to your Sporcle Settings to finish the process.

Report this User

Report this user for behavior that violates our Community Guidelines.

Details: